[Event "Steyr Landesliga 1920"]
[Site "Austria"]
[Date "2020.03.07"]
[Round "9.3"]
[White "Schreiner, Till"]
[Black "Benda, Herbert"]
[Result "1-0"]
[WhiteElo "2333"]
[BlackElo "2259"]
[PlyCount "71"]
[EventDate "2019.09.28"]
[EventType "team-tourn"]
[EventRounds "11"]
[EventCountry "AUT"]
[SourceTitle "CBM 195 Extra"]
[Source "ChessBase"]
[SourceDate "2020.05.31"]
[SourceVersion "1"]
[SourceVersionDate "2020.05.31"]
[SourceQuality "1"]
[WhiteTeam "Graz Styria"]
[BlackTeam "Gamlitz"]
[WhiteTeamCountry "AUT"]
[BlackTeamCountry "AUT"]

1. d4 d5 2. c4 c6 3. Nc3 Nf6 4. Nf3 e6 5. e3 Nbd7 6. Bd3 Be7 7. 0-0 0-0 8. e4 dxe4 9. Nxe4 Nxe4 10. Bxe4 Nf6 11. Bc2 c5 12. Bg5 cxd4 13. Qd3 g6 14. Rad1 Nd7 15. Bxe7 Qxe7 16. Qxd4 Qf6 17. Rfe1 Qxd4 18. Rxd4 Nf6 19. Ba4 b6 20. Bc6 Rb8 21. Ne5 h5 22. b4 Bb7 23. Red1 Ng4 24. Nd7 Bxc6 25. Nxb8 Rxb8 26. Rd8+ Rxd8 27. Rxd8+ Kg7 28. b5 Be4 29. f3 Bb1 30. fxg4 Bxa2 31. Rc8 hxg4 32. Rc7 Kf6 33. c5 bxc5 34. Rxa7 Bd5 35. b6 Ke5 36. Rxf7 1-0

[Event "Steyr Landesliga 1718"]
[Site "Austria"]
[Date "2017.09.30"]
[Round "1.2"]
[White "Schreiner, Till"]
[Black "Kravanja, Georg"]
[Result "1/2-1/2"]
[WhiteElo "2328"]
[BlackElo "2247"]
[PlyCount "75"]
[EventDate "2017.09.30"]
[EventType "team-tourn"]
[EventRounds "11"]
[EventCountry "AUT"]
[SourceTitle "CBM 181 Extra"]
[Source "ChessBase"]
[SourceDate "2017.12.12"]
[SourceVersion "1"]
[SourceVersionDate "2017.12.12"]
[SourceQuality "1"]
[WhiteTeam "Graz Styria"]
[BlackTeam "Graz Schachfreunde II"]
[WhiteTeamCountry "AUT"]
[BlackTeamCountry "AUT"]

1. d4 Nf6 2. c4 g6 3. Nc3 d5 4. Nf3 Bg7 5. Bf4 0-0 6. Rc1 dxc4 7. e3 c5 8. Bxc4 cxd4 9. Nxd4 Qa5 10. Qe2 Nh5 11. Bxb8 Rxb8 12. 0-0 Nf6 13. Rfd1 Bg4 14. f3 Bd7 15. Kh1 Rbd8 16. e4 Qg5 17. Qf2 Bc8 18. Rc2 Qc5 19. Nce2 Qb6 20. e5 Nd5 21. f4 Bg4 22. h3 Nb4 23. Rcd2 Bxe2 24. Qxe2 e6 25. Nb5 Rxd2 26. Rxd2 Rd8 27. Nd6 Bf8 28. a3 Bxd6 29. exd6 Nd5 30. f5 Qxd6 31. fxe6 fxe6 32. Qg4 Kg7 33. Qd4+ Kg8 34. Qxa7 Qf4 35. Qd4 Qxd4 36. Rxd4 Kf7 37. Kg1 Kf6 38. Kf2 1/2-1/2

[Event "Graz op-A"]
[Site "Graz"]
[Date "2017.02.24"]
[Round "6"]
[White "Schreiner, Till"]
[Black "Livaic, Leon"]
[Result "1/2-1/2"]
[WhiteElo "2276"]
[BlackElo "2460"]
[PlyCount "75"]
[EventDate "2017.02.20"]
[EventType "swiss"]
[EventRounds "9"]
[EventCountry "AUT"]
[SourceTitle "CBM 177 Extra"]
[Source "ChessBase"]
[SourceDate "2017.04.27"]
[SourceVersion "1"]
[SourceVersionDate "2017.04.27"]
[SourceQuality "1"]

1. d4 Nf6 2. c4 e6 3. Nc3 d5 4. cxd5 exd5 5. Bg5 c6 6. e3 Be7 7. Bd3 Nbd7 8. Qc2 Nh5 9. Bxe7 Qxe7 10. Nge2 Nb6 11. 0-0 g6 12. Rab1 0-0 13. b4 a6 14. a4 Be6 15. Rfc1 Rac8 16. a5 Nd7 17. Na4 Ng7 18. Nc5 Nf6 19. Nf4 Bf5 20. Re1 Bxd3 21. Nfxd3 Nf5 22. Ne5 Rfd8 23. Rbd1 Ne8 24. f3 f6 25. Ned3 Ned6 26. Qf2 Nb5 27. g4 Ng7 28. Nf4 g5 29. Ne2 Qf7 30. Ng3 Rc7 31. Nf5 Nxf5 32. gxf5 Re7 33. Ne6 Rde8 34. e4 Nc7 35. Nc5 Nb5 36. Ne6 Nc7 37. Nc5 Nb5 38. Ne6 1/2-1/2

[Event "Graz op-A"]
[Site "Graz"]
[Date "2017.02.21"]
[Round "2"]
[White "Schreiner, Till"]
[Black "Vogel, Roven"]
[Result "1/2-1/2"]
[WhiteElo "2276"]
[BlackElo "2437"]
[PlyCount "87"]
[EventDate "2017.02.20"]
[EventType "swiss"]
[EventRounds "9"]
[EventCountry "AUT"]
[SourceTitle "CBM 177 Extra"]
[Source "ChessBase"]
[SourceDate "2017.04.27"]
[SourceVersion "1"]
[SourceVersionDate "2017.04.27"]
[SourceQuality "1"]

1. d4 d6 2. c4 e5 3. Nf3 e4 4. Ng5 f5 5. Nc3 Be7 6. Nh3 Nf6 7. g3 0-0 8. Bg2 c6 9. 0-0 Na6 10. d5 Ng4 11. f3 Qb6+ 12. Kh1 Ne5 13. b3 Bf6 14. Qd2 Nc5 15. Nf2 Ng6 16. Rb1 Nd7 17. fxe4 Nde5 18. exf5 Bxf5 19. Nfe4 Be7 20. Bb2 c5 21. Rbe1 h6 22. Nd1 a5 23. Ne3 Bd7 24. Bc3 a4 25. b4 cxb4 26. Bxb4 Rac8 27. Rxf8+ Bxf8 28. Rc1 Ng4 29. Nxg4 Bxg4 30. Ba3 Qa6 31. h3 Bf5 32. c5 dxc5 33. d6 Kh7 34. Rxc5 Rxc5 35. Bxc5 Qc4 36. d7 Bxd7 37. Nf6+ gxf6 38. Qxd7+ Bg7 39. Bd4 Nf8 40. Qf5+ Kh8 41. Bxf6 Qxe2 42. Bxb7 Qe1+ 43. Kh2 Qe2+ 44. Kh1 1/2-1/2

[Event "Graz op-A"]
[Site "Graz"]
[Date "2016.02.19"]
[Round "9"]
[White "Schreiner, Till"]
[Black "Bauer, Thomas"]
[Result "0-1"]
[WhiteElo "2329"]
[BlackElo "1979"]
[PlyCount "68"]
[EventDate "2016.02.12"]
[EventType "swiss"]
[EventRounds "9"]
[EventCountry "AUT"]
[SourceTitle "CBM 170 Extra"]
[Source "ChessBase"]
[SourceDate "2016.02.25"]
[SourceVersion "1"]
[SourceVersionDate "2016.02.25"]
[SourceQuality "1"]

1. d4 Nf6 2. c4 c5 3. d5 e6 4. Nc3 exd5 5. cxd5 d6 6. Nf3 g6 7. h3 Bg7 8. e4 0-0 9. Bd3 Nh5 10. 0-0 Nd7 11. Bg5 Bf6 12. Be3 Re8 13. Nd2 Bd4 14. Bxd4 cxd4 15. Nb5 Ne5 16. Be2 Nf4 17. Bf3 Qb6 18. a4 a6 19. Na3 Qb4 20. Rc1 b5 21. axb5 axb5 22. Kh1 Qxb2 23. Nab1 Ra2 24. h4 b4 25. g3 Nfd3 26. Rc7 Bh3 27. Bg2 Rc8 28. Rxc8+ Bxc8 29. Kg1 Bg4 30. f3 Bd7 31. Qb3 Qa1 32. Na3 Rxa3 33. Rxa1 Rxa1+ 34. Bf1 Ba4 0-1

[Event "Graz op-A"]
[Site "Graz"]
[Date "2016.02.16"]
[Round "6"]
[White "Wegerer, Fred"]
[Black "Schreiner, Till"]
[Result "1/2-1/2"]
[WhiteElo "2124"]
[BlackElo "2329"]
[PlyCount "130"]
[EventDate "2016.02.12"]
[EventType "swiss"]
[EventRounds "9"]
[EventCountry "AUT"]
[SourceTitle "CBM 170 Extra"]
[Source "ChessBase"]
[SourceDate "2016.02.25"]
[SourceVersion "1"]
[SourceVersionDate "2016.02.25"]
[SourceQuality "1"]

1. c4 Nf6 2. Nc3 g6 3. g3 Bg7 4. Bg2 d6 5. d3 0-0 6. Bg5 h6 7. Bd2 e5 8. h4 Nc6 9. Qc1 Kh7 10. Nh3 Ne7 11. Nd5 Nfxd5 12. cxd5 c6 13. dxc6 bxc6 14. Qc2 Rb8 15. Rb1 Be6 16. Qa4 Qd7 17. b3 Nd5 18. Rc1 Rfc8 19. Ng1 Nb6 20. Qa5 d5 21. Nf3 c5 22. 0-0 Qd6 23. Rfd1 f5 24. Nh2 Qe7 25. e3 e4 26. dxe4 fxe4 27. Bc3 Bf5 28. Bxg7 Kxg7 29. Rd2 Rc7 30. Rdc2 Rbc8 31. Nf1 Qd6 32. Qa3 Nd7 33. Rd2 Ne5 34. Rcd1 Nd3 35. Nh2 Qb6 36. Bf1 c4 37. bxc4 dxc4 38. Rc2 Qb4 39. Qc3+ Qxc3 40. Rxc3 h5 41. f3 Re7 42. fxe4 Rxe4 43. Bxd3 cxd3 44. Rxc8 Bxc8 45. Rxd3 Rc4 46. Rd2 Be6 47. Nf3 Ra4 48. Ng5 Bg8 49. Rd7+ Kf6 50. Rd6+ Kg7 51. Kf2 Rxa2+ 52. Kf3 a5 53. e4 Ra1 54. Kf4 a4 55. Rd7+ Kf8 56. Ke5 a3 57. Nh7+ Bxh7 58. Rxh7 Rg1 59. Ra7 Rxg3 60. Kf6 Ke8 61. e5 Re3 62. e6 Rf3+ 63. Kxg6 Re3 64. Kxh5 Rxe6 65. Rxa3 Kf7 1/2-1/2

[Event "GER-chT Lands U20"]
[Site "Hannover"]
[Date "2014.10.06"]
[Round "6.2"]
[White "Schreiner, Till"]
[Black "Hahn, Markus"]
[Result "1/2-1/2"]
[WhiteElo "2298"]
[BlackElo "2222"]
[PlyCount "82"]
[EventDate "2014.10.03"]
[EventType "team-swiss"]
[EventRounds "7"]
[EventCountry "GER"]
[SourceTitle "CBM 162 Extra"]
[Source "ChessBase"]
[SourceDate "2014.10.17"]
[SourceVersion "1"]
[SourceVersionDate "2014.10.17"]
[SourceQuality "1"]
[WhiteTeam "Niedersachsen"]
[BlackTeam "Hessen"]
[WhiteTeamCountry "GER"]
[BlackTeamCountry "GER"]

1. d4 e6 2. c4 f5 3. Nf3 Nf6 4. Nc3 Bb4 5. Qb3 c5 6. a3 Bxc3+ 7. Qxc3 b6 8. g3 Bb7 9. Bg2 cxd4 10. Qxd4 Nc6 11. Qc3 0-0 12. 0-0 Rc8 13. b4 d5 14. cxd5 Qxd5 15. Qb2 Rfd8 16. Bg5 Nd4 17. Qxd4 Qxd4 18. Nxd4 Bxg2 19. Nxf5 Bxf1 20. Ne7+ Kf7 21. Nxc8 Bxe2 22. Nxa7 b5 23. Re1 Bc4 24. Nc6 Ra8 25. Ne5+ Ke7 26. Rc1 Rxa3 27. Nxc4 bxc4 28. Rxc4 Kd6 29. Be3 e5 30. Kg2 Rb3 31. Bc5+ Kd5 32. Rc2 Ne4 33. Bf8 g6 34. h4 h5 35. Ra2 Ke6 36. Re2 Kd5 37. f3 Nc3 38. Rd2+ Ke6 39. Rd3 Rb2+ 40. Kf1 Nd5 41. Bc5 Nxb4 1/2-1/2

[Event "GER-chT Lands U20"]
[Site "Hannover"]
[Date "2014.10.05"]
[Round "4.2"]
[White "Schreiner, Till"]
[Black "Klek, Hanna Marie"]
[Result "0-1"]
[WhiteElo "2298"]
[BlackElo "2225"]
[PlyCount "120"]
[EventDate "2014.10.03"]
[EventType "team-swiss"]
[EventRounds "7"]
[EventCountry "GER"]
[SourceTitle "CBM 162 Extra"]
[Source "ChessBase"]
[SourceDate "2014.10.17"]
[SourceVersion "1"]
[SourceVersionDate "2014.10.17"]
[SourceQuality "1"]
[WhiteTeam "Niedersachsen"]
[BlackTeam "Bayern"]
[WhiteTeamCountry "GER"]
[BlackTeamCountry "GER"]

1. d4 d5 2. c4 e6 3. Nc3 Be7 4. cxd5 exd5 5. Bf4 Nf6 6. e3 Bf5 7. Qb3 Nc6 8. a3 Na5 9. Qd1 0-0 10. Nf3 c6 11. Bd3 Bxd3 12. Qxd3 Nc4 13. Qc2 Re8 14. h3 Bd6 15. Bxd6 Qxd6 16. 0-0 g6 17. a4 Qe7 18. b3 Nd6 19. Ne5 Nfe4 20. Rae1 Nxc3 21. Qxc3 Ne4 22. Qc2 Rac8 23. Nd3 Qd6 24. Rc1 Re7 25. Nc5 Nxc5 26. Qxc5 Qxc5 27. Rxc5 Re6 28. Rfc1 Ra8 29. b4 a6 30. b5 axb5 31. axb5 Ra5 32. R1c2 Kg7 33. Rb2 Ra7 34. bxc6 bxc6 35. Rbc2 Ra6 36. g4 h6 37. Kg2 Kf6 38. Rb2 Ra7 39. Rb6 Rc7 40. Rb8 Ke7 41. Rh8 g5 42. Kg3 Ra7 43. Rb8 Kd7 44. Rc2 Ke7 45. Rb1 Kd7 46. h4 Ke7 47. Rcb2 Rc7 48. Rh1 Kf6 49. Rb8 Kg7 50. Rc1 Rf6 51. h5 Re6 52. Rd8 Ra7 53. Rc8 Ra6 54. Rc2 Rb6 55. Ra2 Rb1 56. Raa8 Rg1+ 57. Kh3 Re4 58. f3 Rxe3 59. Kh2 Rc1 60. Ra2 Rxf3 0-1

[Event "GER-chT Lands U20"]
[Site "Hannover"]
[Date "2014.10.04"]
[Round "3.2"]
[White "Schroeder, Kevin"]
[Black "Schreiner, Till"]
[Result "1/2-1/2"]
[WhiteElo "2250"]
[BlackElo "2298"]
[PlyCount "102"]
[EventDate "2014.10.03"]
[EventType "team-swiss"]
[EventRounds "7"]
[EventCountry "GER"]
[SourceTitle "CBM 162 Extra"]
[Source "ChessBase"]
[SourceDate "2014.10.17"]
[SourceVersion "1"]
[SourceVersionDate "2014.10.17"]
[SourceQuality "1"]
[WhiteTeam "Nordrhein Westfalen"]
[BlackTeam "Niedersachsen"]
[WhiteTeamCountry "GER"]
[BlackTeamCountry "GER"]

1. e4 c6 2. Nc3 d5 3. Qe2 dxe4 4. Nxe4 Bf5 5. Nf3 e6 6. g3 Nd7 7. Bg2 Ngf6 8. d3 Be7 9. 0-0 0-0 10. Re1 Re8 11. Bf4 Nd5 12. Qd2 Nxf4 13. Qxf4 Nf6 14. Nxf6+ Bxf6 15. g4 Bg6 16. h4 h5 17. Ne5 Bxe5 18. Rxe5 Qxh4 19. Qg5 Qxg5 20. Rxg5 hxg4 21. Rxg4 Rad8 22. a4 e5 23. Re1 Bf5 24. Rb4 Re7 25. Rh4 f6 26. b4 g5 27. Rc4 Be6 28. Rc5 Bd5 29. b5 Bxg2 30. Kxg2 Rd5 31. Rxd5 cxd5 32. c4 dxc4 33. dxc4 Rc7 34. Rc1 Kf7 35. Kf3 Ke6 36. Kg4 Rg7 37. c5 Rc7 38. c6 e4 39. cxb7 Rxb7 40. Rc8 Re7 41. a5 Rb7 42. Rc5 Rb8 43. a6 Rb6 44. Kh5 Kd6 45. Rf5 Kc7 46. Rd5 Re6 47. Kg6 Kb6 48. Kf5 e3 49. fxe3 Rxe3 50. Kxf6 Rb3 51. Kxg5 Rxb5 1/2-1/2

[Event "Wch U18"]
[Site "Al Ain"]
[Date "2013.12.19"]
[Round "2"]
[White "Bajarani, Ulvi"]
[Black "Schreiner, Till"]
[Result "1-0"]
[WhiteElo "2500"]
[BlackElo "2304"]
[PlyCount "69"]
[EventDate "2013.12.18"]
[EventType "swiss"]
[EventRounds "11"]
[EventCountry "UAE"]
[SourceTitle "CBM 158 Extra"]
[Source "ChessBase"]
[SourceDate "2014.02.28"]
[SourceVersion "1"]
[SourceVersionDate "2014.02.28"]
[SourceQuality "1"]

1. e4 c5 2. Nf3 d6 3. d4 cxd4 4. Nxd4 Nf6 5. Nc3 a6 6. h3 e5 7. Nde2 h5 8. Nd5 Nxd5 9. exd5 Be7 10. Nc3 Bf5 11. Bd3 Bxd3 12. Qxd3 Nd7 13. 0-0 0-0 14. Qe2 h4 15. a4 Rc8 16. Bd2 f5 17. a5 Bg5 18. f4 Bf6 19. fxe5 Bxe5 20. Qh5 Qf6 21. Ra4 Bd4+ 22. Kh1 g6 23. Qh6 Nc5 24. Rxd4 Qxd4 25. Qxg6+ Qg7 26. Qxd6 Qf6 27. Qf4 Qg6 28. Qxh4 Ne4 29. Rf3 Rfe8 30. Nxe4 Rxe4 31. Qf2 f4 32. Bxf4 Rxc2 33. Bd2 Qe8 34. Rg3+ Kh7 35. Qf5+ 1-0

[Event "BCF-chT2a 1314 (4NCL)"]
[Site "England"]
[Date "2013.11.17"]
[Round "2.21"]
[White "Schreiner, Till"]
[Black "Rudd, Jack"]
[Result "1/2-1/2"]
[WhiteElo "2301"]
[BlackElo "2230"]
[PlyCount "108"]
[EventDate "2013.11.16"]
[EventType "team-swiss"]
[EventRounds "11"]
[EventCountry "ENG"]
[SourceTitle "CBM 157 Extra"]
[Source "ChessBase"]
[SourceDate "2013.12.19"]
[SourceVersion "1"]
[SourceVersionDate "2013.12.19"]
[SourceQuality "1"]
[WhiteTeam "Anglian Avengers"]
[BlackTeam "Bristol"]
[WhiteTeamCountry "ENG"]
[BlackTeamCountry "ENG"]

1. d4 Nf6 2. c4 g6 3. Nc3 Bg7 4. e4 d6 5. f3 0-0 6. Be3 e5 7. d5 Nh5 8. Qd2 f5 9. 0-0-0 f4 10. Bf2 a5 11. Nge2 Na6 12. Kb1 b6 13. Nc1 Nf6 14. Bd3 g5 15. g4 h5 16. h3 Kf7 17. Be2 Rh8 18. Nd3 Bd7 19. h4 hxg4 20. hxg5 Nh7 21. g6+ Kxg6 22. fxg4 Ng5 23. Rh5 Rxh5 24. gxh5+ Kh6 25. Rg1 Bf6 26. Bh4 Qe7 27. Nf2 Nc5 28. Bg4 Nf3 29. Bxf3 Bxh4 30. Rg6+ Kh7 31. Nb5 Rg8 32. Nxc7 Rxg6 33. hxg6+ Kxg6 34. Nd3 Qg5 35. Nxc5 bxc5 36. Ne6 Qg1+ 37. Kc2 Be1 38. Qe2 Ba4+ 39. b3 Be8 40. Bh5+ Kf6 41. Bxe8 Bb4 42. Kb2 Qg3 43. Qc2 f3 44. Bh5 Qg2 45. Bxf3 Ba3+ 46. Kc3 Qxf3+ 47. Qd3 Bb4+ 48. Kc2 Qg2+ 49. Kd1 Ke7 50. Qe3 Kd7 51. Qg5 Qf3+ 52. Kc2 Qe2+ 53. Kb1 Qd3+ 54. Kb2 Qc3+ 1/2-1/2